[Event "TUR Cup"]
[Site "Denizli"]
[Date "2023.07.21"]
[Round "8"]
[White "Maruflu, Enes Yusuf"]
[Black "Ipek, Ekin"]
[Result "0-1"]
[WhiteElo "2118"]
[BlackElo "1703"]
[PlyCount "52"]
[EventDate "2023.07.16"]
[EventType "team-tourn"]
[EventRounds "9"]
[EventCountry "TUR"]
[SourceTitle "CBM 215 Extra"]
[Source "ChessBase"]
[SourceDate "2023.09.30"]
[SourceVersion "1"]
[SourceVersionDate "2023.09.30"]
[SourceQuality "1"]

1. e4 c5 2. Nf3 d6 3. d4 cxd4 4. Qxd4 Nf6 5. Nc3 Nc6 6. Bb5 Bd7 7. Bxc6 Bxc6 8. Bg5 e6 9. 0-0-0 Be7 10. Rhe1 0-0 11. e5 dxe5 12. Qh4 Qa5 13. Rxe5 Qa6 14. Nd4 Rfd8 15. Rd3 Rac8 16. Ree3 Bd5 17. Rg3 Kf8 18. Bf4 Rxc3 19. bxc3 Be4 20. Be5 Bxd3 21. Rxd3 Qxa2 22. Bxf6 Bxf6 23. Qxh7 Bxd4 24. cxd4 Rxd4 25. Qh8+ Ke7 26. Qxg7 Qa1+ 0-1

[Event "TUR-chT Clubs"]
[Site "Konya"]
[Date "2019.07.18"]
[Round "5.8"]
[White "Acar, Ilhami"]
[Black "Ipek, Ekin"]
[Result "1-0"]
[WhiteElo "1636"]
[BlackElo "1706"]
[PlyCount "51"]
[EventDate "2019.07.16"]
[EventType "team-swiss"]
[EventRounds "9"]
[EventCountry "TUR"]
[SourceTitle "CBM 191 Extra"]
[Source "ChessBase"]
[SourceDate "2019.09.30"]
[SourceVersion "1"]
[SourceVersionDate "2019.09.30"]
[SourceQuality "1"]
[WhiteTeam "Nazilli Belediyesi"]
[BlackTeam "Trabzon Feda"]
[WhiteTeamCountry "TUR"]
[BlackTeamCountry "TUR"]

1. e4 c5 2. Nf3 e6 3. d4 cxd4 4. Nxd4 a6 5. c4 Qc7 6. Bd3 Nf6 7. 0-0 d6 8. Nc3 Nc6 9. Nxc6 bxc6 10. b3 Bb7 11. Qe2 Be7 12. Bb2 Nd7 13. f4 Bf6 14. Kh1 Rd8 15. Rad1 Nb8 16. e5 dxe5 17. Ne4 Nd7 18. Nxf6+ gxf6 19. f5 Ke7 20. fxe6 fxe6 21. c5 Qa5 22. Bc4 h5 23. Qd3 Qxc5 24. b4 Nb6 25. Qg6 Rxd1 26. Qxf6+ 1-0

[Event "TUR-chT2"]
[Site "Konya"]
[Date "2017.07.12"]
[Round "6.13"]
[White "Ipek, Ekin"]
[Black "Ozbag, Berat"]
[Result "0-1"]
[WhiteElo "1697"]
[BlackElo "1567"]
[PlyCount "160"]
[EventDate "2017.07.09"]
[EventType "team-swiss"]
[EventRounds "9"]
[EventCountry "TUR"]
[SourceTitle "CBM 179 Extra"]
[Source "ChessBase"]
[SourceDate "2017.08.23"]
[SourceVersion "1"]
[SourceVersionDate "2017.08.23"]
[SourceQuality "1"]
[WhiteTeam "Trabzon Feda"]
[BlackTeam "Artvin Il Ozel"]
[WhiteTeamCountry "TUR"]
[BlackTeamCountry "TUR"]

1. e4 e5 2. Nf3 Nc6 3. Bb5 a6 4. Ba4 Nf6 5. 0-0 b5 6. Bb3 d6 7. Re1 Be7 8. c3 0-0 9. h3 Na5 10. Bc2 c5 11. d4 exd4 12. cxd4 Re8 13. Nbd2 Bf8 14. Nf1 Ra7 15. Ng3 h6 16. b3 Rae7 17. Bb2 Nc6 18. d5 Ne5 19. Nh4 g6 20. f4 Ned7 21. Qf3 Bg7 22. Re2 Nf8 23. Rd1 N6h7 24. Bxg7 Kxg7 25. Qc3+ f6 26. Qd3 Rc7 27. Nxg6 Nxg6 28. e5 f5 29. Nxf5+ Bxf5 30. Qxf5 Nhf8 31. Qg4 dxe5 32. fxe5 Qg5 33. Qxg5 hxg5 34. e6 Rce7 35. g3 Rd8 36. Bf5 Rd6 37. Bg4 Nh7 38. Rc2 Nf6 39. Bf5 Rxd5 40. Rxd5 Nxd5 41. Rxc5 Nc7 42. Bg4 Nxe6 43. Bxe6 Rxe6 44. Rxg5 Kf6 45. Rc5 Ne5 46. g4 Rc6 47. Rd5 Rc1+ 48. Kf2 Rc2+ 49. Kg3 Ke6 50. Rd8 Rxa2 51. Re8+ Kf6 52. Ra8 Ra3 53. Kf4 Nd3+ 54. Kg3 Nc5 55. Kf4 Rxb3 56. g5+ Kg7 57. h4 Rb4+ 58. Ke5 Rxh4 59. Kd5 Rc4 60. Rb8 Rc1 61. Rb6 Nd3 62. Kd4 Nb4 63. Ke5 Rc5+ 64. Kd4 Rxg5 65. Rb7+ Kf6 66. Kc3 Rg4 67. Rb8 Ke7 68. Rb7+ Kd6 69. Rh7 Nd5+ 70. Kb3 Rg6 71. Ra7 Nc7 72. Rb7 Kc6 73. Rb8 a5 74. Rh8 Rg3+ 75. Kb2 a4 76. Rh6+ Kc5 77. Rh5+ Nd5 78. Rh8 b4 79. Rc8+ Kd4 80. Rc4+ Kxc4 0-1

[Event "TUR-chT2"]
[Site "Konya"]
[Date "2017.07.11"]
[Round "4.5"]
[White "Ipek, Ekin"]
[Black "Unal, Onur"]
[Result "0-1"]
[WhiteElo "1697"]
[BlackElo "1816"]
[PlyCount "136"]
[EventDate "2017.07.09"]
[EventType "team-swiss"]
[EventRounds "9"]
[EventCountry "TUR"]
[SourceTitle "CBM 179 Extra"]
[Source "ChessBase"]
[SourceDate "2017.08.23"]
[SourceVersion "1"]
[SourceVersionDate "2017.08.23"]
[SourceQuality "1"]
[WhiteTeam "Trabzon Feda"]
[BlackTeam "Buyuk Ustalar"]
[WhiteTeamCountry "TUR"]
[BlackTeamCountry "TUR"]

1. e4 e6 2. d4 d5 3. Nd2 c5 4. exd5 exd5 5. Ngf3 Nf6 6. Bb5+ Bd7 7. Bxd7+ Nbxd7 8. 0-0 Be7 9. dxc5 Nxc5 10. Nb3 Nce4 11. Nbd4 0-0 12. c3 Bd6 13. Nf5 Re8 14. Be3 Qd7 15. Nxd6 Nxd6 16. Qb3 Nc4 17. Bf4 Re2 18. Rab1 b6 19. Rfd1 Qg4 20. Bg3 Rae8 21. Qb4 a5 22. Qb5 Qe4 23. h3 Nd2 24. Nxd2 Rxd2 25. Re1 Re2 26. Rxe2 Qxb1+ 27. Kh2 Rxe2 28. Qxe2 Qxa2 29. Qa6 h6 30. Qxb6 a4 31. f3 Qb3 32. Qxb3 axb3 33. Kg1 Nd7 34. Kf1 Nb6 35. Ke2 Nc4 36. Kd1 Nxb2+ 37. Kd2 Nc4+ 38. Kc1 f5 39. Bf2 Kf7 40. Bd4 g6 41. g4 fxg4 42. fxg4 Ke6 43. h4 h5 44. gxh5 gxh5 45. Kb1 Kf5 46. Ka1 Ke4 47. Kb1 Kd3 48. Bh8 Ne3 49. Kb2 Kc4 50. Kc1 Ng2 51. Bf6 Nf4 52. Kb1 Nd3 53. Bd4 Nf4 54. Bh8 Nd3 55. Bg7 Kb5 56. Bd4 b2 57. Kc2 Ka4 58. Bg7 Ka3 59. Kb1 Kb3 60. Bh8 Nf4 61. c4 dxc4 62. Bxb2 c3 63. Bc1 c2+ 64. Ka1 Nd3 65. Bh6 c1Q+ 66. Bxc1 Nxc1 67. Kb1 Nd3 68. Ka1 Kc3 0-1

[Event "TUR-chT2"]
[Site "Konya"]
[Date "2017.07.10"]
[Round "2.5"]
[White "Ipek, Ekin"]
[Black "Aydogdu, Cagatay"]
[Result "1-0"]
[WhiteElo "1697"]
[BlackElo "1750"]
[PlyCount "91"]
[EventDate "2017.07.09"]
[EventType "team-swiss"]
[EventRounds "9"]
[EventCountry "TUR"]
[SourceTitle "CBM 179 Extra"]
[Source "ChessBase"]
[SourceDate "2017.08.23"]
[SourceVersion "1"]
[SourceVersionDate "2017.08.23"]
[SourceQuality "1"]
[WhiteTeam "Trabzon Feda"]
[BlackTeam "Pendik Dernegi"]
[WhiteTeamCountry "TUR"]
[BlackTeamCountry "TUR"]

1. e4 g6 2. d4 Bg7 3. Nc3 c6 4. Be3 d5 5. Qd2 h5 6. 0-0-0 Nf6 7. f3 e6 8. Kb1 Nbd7 9. h4 Nb6 10. Nh3 dxe4 11. fxe4 e5 12. Bg5 exd4 13. e5 Bxh3 14. exf6 Bh6 15. Rxh3 Bxg5 16. Qxg5 Qd6 17. Ne4 Qc7 18. Rxd4 Nd5 19. Bc4 0-0-0 20. Bxd5 Qb6 21. Rhd3 cxd5 22. Nc3 Rhe8 23. a3 Re1+ 24. Ka2 Qe6 25. Rxd5 Rxd5 26. Qxd5 Qxd5+ 27. Rxd5 Re6 28. Nb5 Rxf6 29. Nd6+ Kb8 30. Ne8 Rc6 31. Rd8+ Rc8 32. Rxc8+ Kxc8 33. Nd6+ Kd7 34. Nxb7 f6 35. Nc5+ Kd6 36. Ne4+ Ke5 37. Nxf6 Kxf6 38. c4 Ke5 39. b4 Kd4 40. c5 Kd5 41. Kb3 Kc6 42. Kc4 Kc7 43. b5 Kb7 44. Kd5 Kc7 45. Ke6 Kc8 46. Kf6 1-0